Most Populated States in Brazil - Statistics

General Stats
  • This quiz has been taken 30 times
  • The average score is 15 of 20
Answer Stats
Population State % Correct
16.1M Rio de Janeiro
100%
44.4M São Paulo
96%
3.9M Amazonas
89%
14.1M Bahia
89%
8.6M Pará
89%
10.9M Rio Grande do Sul
85%
21.3M Minas Gerais
81%
11.6M Paraná
81%
9.6M Pernambuco
81%
3.7M Mato Grosso
78%
7.2M Santa Catarina
78%
3.6M Rio Grande do Norte
74%
2.9M Mato Grosso do Sul
70%
3.8M Espírito Santo
67%
7.1M Goiás
67%
8.8M Ceará
63%
4.2M Paraíba
59%
6.8M Maranhão
56%
3.1M Alagoas
52%
3.3M Piauí
48%
No matching quizzes found
Score Distribution
Percent of People with Each Score
Percentile by Number Answered
Your Score History
You have not taken this quiz